000 00658nam a2200253Ia 4500
003 OSt
005 20221007102144.0
006 a|||||r|||| 00| 0
007 ta
008 221006b |||||||| |||| 00| 0 eng d
024 _a9,563
037 _cTextual
040 _aLCO
_cLCO
_beng
041 _2eng
_aeng
082 _aZ2,2,4qM82, P4
100 _aVakil D.J.
_9704329
245 0 _aCommentaries on the Transfer of Property Act
250 _a2nd
260 _aNagpur
_bWadhwa India
_c2004
300 _a1862
650 _aPROPERTY ACT
_9687034
942 _hZ2,2,4qM82, P4
_cTEXL
999 _c1179126
_d1179126